| 000 -LEADER |
| fixed length control field |
01288cam a2200253 a 4500 |
| 003 - CONTROL NUMBER IDENTIFIER |
| control field |
OSt |
| 005 - DATE AND TIME OF LATEST TRANSACTION |
| control field |
20220525103356.0 |
| 008 - FIXED-LENGTH DATA ELEMENTS--GENERAL INFORMATION |
| fixed length control field |
090529s2009 maua b 001 0 eng |
| 020 ## - INTERNATIONAL STANDARD BOOK NUMBER |
| International Standard Book Number |
9781422177808 (hbk. : alk. paper) |
| 035 ## - SYSTEM CONTROL NUMBER |
| System control number |
(OCoLC)ocn317453357 |
| 082 00 - DEWEY DECIMAL CLASSIFICATION NUMBER |
| Classification number |
658.4063 |
| Edition number |
22 |
| Item number |
MAR |
| 100 1# - MAIN ENTRY--PERSONAL NAME |
| Personal name |
Martin, Roger L. |
| 245 14 - TITLE STATEMENT |
| Title |
The design of business : |
| Remainder of title |
why design thinking is the next competitive advantage / |
| Statement of responsibility, etc |
Roger Martin. |
| 260 ## - PUBLICATION, DISTRIBUTION, ETC. (IMPRINT) |
| Place of publication, distribution, etc |
Boston, Mass. : |
| Name of publisher, distributor, etc |
Harvard Business Press, |
| Date of publication, distribution, etc |
c2009. |
| 300 ## - PHYSICAL DESCRIPTION |
| Extent |
xiii, 191 p. : |
| Other physical details |
ill. ; |
| Dimensions |
22 cm. |
| 504 ## - BIBLIOGRAPHY, ETC. NOTE |
| Bibliography, etc |
Includes bibliographical references and index. |
| 505 0# - FORMATTED CONTENTS NOTE |
| Formatted contents note |
The knowledge funnel : how discovery takes shape -- The reliability bias : why advancing knowledge is so hard -- Design thinking : how thinking like a designer can create sustainable advantage -- Transforming the corporation : the design of Procter & Gamble -- The balancing act : how design-thinking organizations embrace reliability and validity -- World-class explorers : leading the design-thinking organization -- Getting personal : developing yourself as a design thinker. |
| 650 #0 - SUBJECT ADDED ENTRY--TOPICAL TERM |
| Topical term or geographic name as entry element |
Creative ability in business. |
| 650 #0 - SUBJECT ADDED ENTRY--TOPICAL TERM |
| Topical term or geographic name as entry element |
Lateral thinking. |
| 650 #0 - SUBJECT ADDED ENTRY--TOPICAL TERM |
| Topical term or geographic name as entry element |
Creative thinking. |
| 650 #0 - SUBJECT ADDED ENTRY--TOPICAL TERM |
| Topical term or geographic name as entry element |
Knowledge management. |
| 650 #0 - SUBJECT ADDED ENTRY--TOPICAL TERM |
| Topical term or geographic name as entry element |
Management. |
| 942 ## - ADDED ENTRY ELEMENTS (KOHA) |
| Source of classification or shelving scheme |
|